000 01054nam a2200301 i 4500
001 000044925
003 DO-SdBNP
005 20251105092634.0
007 ta
008 150119s201u dr a 000 0 spa d
040 _aDO-SdBNP
_bspa
_cBNPHU
_erda
041 _aspa
082 _axxx
_bF438m
_222
100 1 _aFiallo, Jesús; colaboradores Rosa Sánchez, Matilde Solano, Jessica Pepén
_eautor
_972943
245 1 0 _aManual de prácticas de Biología. /
_cJesús Fiallo.
260 _bFacultad de Ciencias de la Salud,
264 _aSanto Domingo :
_bUniversidad católica Santo Domingo
_bFacultad de Ciencias de la Salud,
_c[fecho desconocida]
300 _a55 páginas :
_bilustraciones ;
_c28 cm.
336 _ardacontent
_btexto
_2txt
337 _ardamedia
_bsin mediación
_2n
338 _ardacarrier
_bvolumen
_2nc
590 _aInventariado, 2025/DG
700 1 _aSánchez, Rosa
_ecolaborador
_972944
700 1 _aSolano, Matilde
_ecolaborador
_972945
700 1 _aPepén, Jessica
_ecolaborador
_972946
910 _aDG
942 _2ddc
_cLBS1
999 _c44414
_d44414